000 00541nam a2200205Ia 4500
003 GCL
008 140319s9999 xx 000 0 eng d
040 _aGCL /
_cGCL
082 0 4 _aCC
_b930.132
_bV M
100 1 _aVANDIER, JACQUES
245 1 0 _aMANUEL D'ARCHOLOGIE EGYPTIENNE /
_cVANDIER, JACQUES
260 _a[S.N] :
_bPICARD A.J ،
_c1958
650 0 4 _aEGYPT
650 0 4 _aANCIENT EGYPT
650 0 4 _aEGYPTOLOGY
650 0 4 _aMONUMENTS
650 0 4 _aANCIENT EGYPTIAN
650 0 4 _aANCIENT EGYPTIAN CIVILIZATION
942 _2ddc
_cBK
999 _c20635
_d20635